Geboren in Heidelberg - Statistiken

Allgemein
  • Dieses Quiz wurde 104 mal gespielt
    68 seit der letzten Aktualisierung
  • Das Durchschnittsergebnis liegt bei 4 aus 30
Antwortstatistiken
Hinweis Antwort % Korrekt
Mitgründer von SAP, Milliardär und Mäzen der TSG 1899 Hoffenheim 1940 Dietmar Hopp
73%
erster Reichspräsident der Weimarer Republik und SPD-Politiker 1871 Friedrich Ebert
69%
Fußballtrainer, FC Barcelona (früherer Nationaltrainer und Bayerntrainer) 1965 Hansi Flick
53%
Ehefrau des Schwedischen Königs Carl XVI. Gustaf 1943 Silvia von Schweden
42%
Nationalspieler, Bayer Leverkusen 1992 Jonas Hofmann
25%
Olympiasiegerin im Weitsprung 1994 Malaika Mihambo
24%
Verleger, in der Verlagsgruppe die seinen Namen trägt erscheinen u.a "Focus" und "Bunte" 1940 Hubert Burda
22%
Rekordtorschütze von Waldhof Mannheim 1960 Fritz Walter
20%
brasilianischer ehemaliger Formel 1 Fahrer und Sohn eines früheren Formel 1 Weltmeisters 1985 Nelson Piquet Jr.
15%
deutsche Rekordmeisterin im Kunstturnen 1993 Elisabeth Seitz
11%
früherer CDU Politiker und langjähriger Ministerpräsident von Niedersachsen 1930 Ernst Albrecht
11%
Gründer der Drogeriekette "dm" 1944 Götz Werner
7%
Schauspieler, "Inglorious Basterds" "12 Years a Slave" "Jobs" 1977 Michael Fassbender
7%
Schauspieler und Hörbuchsprecher u.a der "Harry Potter" Hörbucher 1957 Rufus Beck
7%
ehemaliger Basketballnationalspieler (Skyliners) 1975 Pascal Roller
5%
Präsident des Bundesverfassungsgericht 1971 Stephan Harbarth
5%
Schauspieler, Stuttgart-"Tatort" 1978 Felix Klare
4%
Eishockeynationalspieler, EHC Red Bull München 1988 Frank Mauer
4%
Vorstandsvorsitzender von BMW 1964 Oliver Zipse
4%
CDU-Politiker und Gründer der Werteunion 1967 Alexander Mitsch
2%
Schauspieler, bekannt als Wyatt aus Prison Break 1970 Cress Williams
2%
Physiknobelpreisträger und Erfinder des Elektronenmikroskops 1906 Ernst Ruska
2%
Schauspieler, bekannt als Ezra aus "Pretty Little Liars" 1986 Ian Harding
2%
amerikanischer Rocksänger, "Doctor My Eyes" "Somebody's Baby" 1948 Jackson Browne
0%
Moderator des "aktuellen Sportstudio" im ZDF 1982 Jochen Beyer
0%
Schauspieler, "Inglorious Basterds" "Frau Müller muss weg" 1979 Ken Duken
0%
Handballtrainer der Rhein Neckar Löwen 1975 Klaus Gärtner
0%
Schauspieler, "Casino Royale" "Taxi" 1960 Richard Sammel
0%
Physiknobelpreisträger und Pionier der Laserspektroskopie 1941 Theodor Hänsch
0%
Physiknobelpreisträger für die Erzeugung des Bose-Einstein-Kondensats 1957 Wolfgang Ketterle
0%
Keine übereinstimmenden Quizze gefunden
Verteilung der Resultate
Anzahl Personen mit jedem Resultat
Perzentil nach korrekt beantworteten Fragen
Ihre Resultats-Entwicklung
Sie haben dieses Quiz seit der letzten Aktualisierung nicht gespielt